Mort subite : nom de familles Desperate Housewives - Statistiques

Statistiques générales
  • Ce quiz a été pris 1 687 fois
  • Le résultat moyen est 5 sur 11
Answers on the Grid
Answers color-coded by a green-red scale on the quiz's grid according to % correct below.
Mayer
Anders
Colmat
Applewhite
Mayfair
Ford
Millers
Bolen
Vance
Braddock
McFrian
Scova
Yang
Van de kamp
Baker
McKlusky
Solis
Herman
Williams
Cherry
Sherman
Faulkner
 
Statistiques - réponses
Réponse % Correct
Mayer
94%
Mayfair
71%
Applewhite
58%
Solis
52%
Van de kamp
52%
Bolen
42%
McKlusky
42%
Williams
31%
Vance
28%
Faulkner
15%
Braddock
11%
Aucun quiz correspondant
Distribution des résultats
% des personnes avec chaque résultat
Percentile par nombre de réponses
Votre historique - résultats
Vous n’avez pas pris ce quiz